Estado del país: Informe cero. Ecuador 1950-2010 /
El documento consiste en un informe que presentan temas como la cultura, economía, política, social, temas tratados desde el análisis, incluyendo historia y las políticas públicas.
Wedi'i Gadw mewn:
| Awdur Corfforaethol: | |
|---|---|
| Fformat: | Anhysbys |
| Iaith: | Spanish |
| Cyhoeddwyd: |
Quito, Ecuador :
FLACSO
2011
|
| Pynciau: | |
| Tagiau: |
Ychwanegu Tag
Dim Tagiau, Byddwch y cyntaf i dagio'r cofnod hwn!
|
MARC
| LEADER | 00000 a2200000 04500 | ||
|---|---|---|---|
| 001 | 42886 | ||
| 003 | cru CIDCACS/IIS | ||
| 005 | 20230707093825.0 | ||
| 008 | 050703s2011 ec spa d | ||
| 020 | |a 978-9942-03-589-9 | ||
| 040 | |c CRAI-IIS | ||
| 090 | |a EC 01.04.03 E79e | ||
| 110 | 1 | |9 10569 |a Facultad Latinoamericana de Ciencias Sociales (FLACSO) | |
| 245 | |a Estado del país: |b Informe cero. Ecuador 1950-2010 / |c FLACSO | ||
| 260 | |a Quito, Ecuador : |b FLACSO |c 2011 | ||
| 300 | |a 363 páginas | ||
| 520 | |a El documento consiste en un informe que presentan temas como la cultura, economía, política, social, temas tratados desde el análisis, incluyendo historia y las políticas públicas. | ||
| 650 | 0 | |9 143 |a ECONOMIA | |
| 650 | 0 | |9 3691 |a POLITICA | |
| 650 | 0 | |9 3837 |a DERECHO SOCIAL | |
| 650 | 0 | |9 126 |a CULTURA | |
| 942 | |2 ddc |c LI |h EC 01.04.03 E79e |i 13709 |6 EC_010403_E79E_13709 | ||
| 999 | |c 11183 |d 11183 | ||



